Turistická mapa Ústeckého kraje : hrady, zámky, rozhledny, rekreační zařízení = Tourist map of the Usti Region : castles, chateaux, lookout towers, recreational facilities = Touristische Karte der Region Usti : Burgen, Aussichtstürme, Ferieneinrichtungen, ausgewählte Campingplätze = Mapa turystyczna województwa Ústí : zamki, palace, wieże widokowe, obiekty rekreacyjne /
| Korporativní autor: | Freytag & Berndt (nakladatelství : Praha, Česko) |
|---|---|
| Jazyk: | Němčina Polština Čeština Angličtina |
| Vydáno: |
[Ústí nad Labem] : Ústecký kraj, [2018] |
| Témata: | |
| Fyzický popis: |
1 mapa : barevná ; 66 x 96 cm, složeno na 23 x 12 cm |
| Language note: |
Místní jména česky a částečně německy a polsky, český, anglický, německý a polský vlastivědný text na rubu |
| LEADER | 02585nem a2200541 i 4500 | ||
|---|---|---|---|
| 001 | nkc20203215218 | ||
| 003 | CZ PrNK | ||
| 005 | 20211216104719.0 | ||
| 007 | aj canzn | ||
| 008 | 200416t20182018xr z a 0 cze | ||
| 015 | |a cnb003215218 | ||
| 034 | 1 | |a a |b 170000 |d E0123428 |e E0145855 |f N0510402 |g N0500629 | |
| 040 | |a BOA001 |b cze |e rda | ||
| 041 | 0 | |a cze |a eng |a ger |a pol | |
| 043 | |a e-xr--- |b e-xr-us |2 czenas | ||
| 072 | 7 | |a 913(437) |x Geografie Česka a Slovenska, reálie, cestování |2 Konspekt |9 7 | |
| 072 | 7 | |a 912 |x Mapy. Atlasy. Glóby |2 Konspekt |9 7 | |
| 080 | |a 728.81 |2 MRF | ||
| 080 | |a 728.82 |2 MRF | ||
| 080 | |a 725.012.28 |2 MRF | ||
| 080 | |a 913:338.483.1 |2 MRF | ||
| 080 | |a 913(437.315) |2 MRF | ||
| 080 | |a (084.3)796.5 |2 MRF | ||
| 110 | 2 | |a Freytag & Berndt (nakladatelství : Praha, Česko) |7 mzk2003190950 |4 ctg | |
| 245 | 1 | 0 | |a Turistická mapa Ústeckého kraje : |b hrady, zámky, rozhledny, rekreační zařízení = Tourist map of the Usti Region : castles, chateaux, lookout towers, recreational facilities = Touristische Karte der Region Usti : Burgen, Aussichtstürme, Ferieneinrichtungen, ausgewählte Campingplätze = Mapa turystyczna województwa Ústí : zamki, palace, wieże widokowe, obiekty rekreacyjne / |c zpracoval: Freytag & Berndt Praha |
| 246 | 3 | 1 | |a Tourist map of the Usti Region |
| 246 | 3 | 1 | |a Touristische Karte der Region Usti |
| 246 | 3 | 1 | |a Mapa turystyczna województwa Ústí |
| 255 | |a Měřítko 1:170 000 |c (E 12°34'28"--E 14°58'55"/N 51°04'02"--N 50°06'29") | ||
| 264 | 1 | |a [Ústí nad Labem] : |b Ústecký kraj, |c [2018] | |
| 264 | 4 | |c ©2018 | |
| 300 | |a 1 mapa : |b barevná ; |c 66 x 96 cm, složeno na 23 x 12 cm | ||
| 336 | |a kartografický obraz |b cri |2 rdacontent | ||
| 337 | |a bez média |b n |2 rdamedia | ||
| 338 | |a list |b nb |2 rdacarrier | ||
| 546 | |a Místní jména česky a částečně německy a polsky, český, anglický, německý a polský vlastivědný text na rubu | ||
| 650 | 0 | 7 | |a hrady |7 ph120854 |z Česko |2 czenas |
| 650 | 0 | 7 | |a zámky |7 ph127734 |z Česko |2 czenas |
| 650 | 0 | 7 | |a rozhledny |7 ph125258 |z Česko |2 czenas |
| 650 | 0 | 7 | |a turistické zajímavosti |7 ph126800 |z Česko |2 czenas |
| 651 | 7 | |a Ústecký kraj (Česko : 2000-) |7 ge131765 |2 czenas | |
| 655 | 7 | |a turistické mapy |7 fd133737 |2 czenas | |
| 910 | 2 | |a BOA001 |b Mp2-1446.464 | |
| 990 | |a MP | ||
| 995 | |a 60 | ||
| 991 | |b 202005 |c NOV | ||
| 996 | 6 | |b 2610822644 |c Mp2-1446.464 |l MZK |r Sklad / do 1 hodiny |n 0 |p p.v. |w 001799290 |u 000010 |a 1 |e BOA001 |j MZK50 |s P | |
| 996 | 7 | |b 2610829485 |c Mp2-1446.464 |l MZK |r Sklad / do 1 hodiny |n 0 |p dar |w 001799290 |u 000020 |a 1 |e BOA001 |j MZK50 |s A | |
English
Čeština 